Machine Girl Songs - Statistics

General Stats
  • This quiz has been taken 28 times
  • The average score is 41 of 150
Answer Stats
Electronic Gimp Music EP % Correct
Ghost
80%
...BECAUSE IM YOUNG ARROGANT AND HATE EVERYTHING YOU STAND FOR
75%
Psychic Attack
75%
Cicadas
65%
MG1
65%
DUMBASS!!!
60%
Grindhouse
60%
Until I Die
60%
うずまき
55%
FUCK UP YOUR FACE
55%
Hot Lizard
55%
MCHNGRL VS WLFGRL
55%
MG2
55%
Nu Nu Meta Phenomena
55%
Sick!!!
55%
Ass2Mars
50%
Cyan Hardcore
50%
Motherfather
50%
Out by 16, Dead on the Scene
50%
Scroll of Sorrow (feat. Guayaba)
50%
This Is Your Face On Dogs
50%
VOMIT (FEATURING BONNIE BAXTER)
50%
A Decent Man
45%
A Song Called Clive Barker
45%
Batsu Forever
45%
BITTEN TWICE
45%
Cloud99 (As Above Mix)
45%
Congratulations
45%
Ginger Claps
45%
Merky ACE - Greaze (Machine Girl Mix)
45%
The Fortress [The Blood Inside...]
45%
XLEEPY
45%
ATHOTH A GO!! GO!!!
40%
Black Glass
40%
Blood Magic
40%
BULLET HELL
40%
Fuck Puppet
40%
Hidden Power (∞ x 235BPM Mix)
40%
House Of Mirrors
40%
Just Because You Can
40%
Rigged Game
40%
SAD CLAPS
40%
Status
40%
BETA BEAST
35%
Devil Speak
35%
Fuck Your Guns
35%
Fully In It
35%
Glass Ocean
35%
Ionic Funk (20XXX Battle Music)
35%
IT TAKES A NATION OF MILLENIALS TO DESTROY A NATION OF MILLIONS...
35%
Schizodipshit
35%
Splatter!
35%
Suck Shit (feat LustSickPuppy & RAFiA)
35%
Where Were You
35%
Dance In The Fire
30%
Full Metal Dipshit
30%
Hellion
30%
Infinite Potentiality
30%
Kill All Borders [2020 Worldwide Fucker]
30%
Kill Screen
30%
Landi Burst 3
30%
Lilith
30%
Loop Version
30%
Missy Punk
30%
Necro Culture Vulture
30%
NWOFKA Skullboy
30%
Phase α
30%
Roach On Dope
30%
Big Time FREQ
25%
Cloud Nine
25%
First Five Years of Life
25%
Fortress Destroyer
25%
House of Cards
25%
INTRUSIVE [2017 DEMO]
25%
Krystle (URL Cyber Palace Mix)
25%
NINE MINUTES AND FORTY THREE SECONDS
25%
On Coming
25%
かわいい Post Rave Maximalist
25%
Psycho Signal Jammer
25%
The Storm
25%
Mission Complete (Not Bad for a Dead Guy)
20%
MRK90 MIX VOL 1
20%
MRK90 MIX VOL 2
20%
Out by 16 (ACiDPUNKMiX)
20%
Sin to Win!
20%
Thousand Pound Butterfly
20%
Vainglorious Chorus
20%
Virtual Paradise
20%
Waited So Long
20%
ZONED [2019 DEMO]
20%
Acid Punk G
15%
Angel's Peak
15%
Crystalline Chute (Falling1)
15%
Electronic Gimp Music
15%
explode
15%
Fight or Flight
15%
Innerface
15%
LIL GAIA BOUNCE [2018 DEMO]
15%
Luhmebebe ft. RAFiA
15%
minnesota
15%
Pendulum
15%
SHAYE SAINT MASSIVE [2019 DEMO]
15%
Solitary Grace
15%
The Wicked Heart
15%
THE WINDOWS (FT MC HELLFUCK) [2017 DEMO]
15%
The World to Come
15%
WLFGRL ACiD
15%
12 Hours Later...
10%
4 hed!!!!!
10%
4TINFOLLIM [MG0218 DEMO]
10%
9449
10%
Acid Giga v2
10%
ACID IN MY MEZCAL PT 2 [2019 DEMO]
10%
ALPHA 31 [2019 DEMO]
10%
Baby I Got Your Money (Machine Girl Mix)
10%
C_MGIRL
10%
costume
10%
Cymbenird
10%
Dead on the Scene (So Below Mix)
10%
Drakecore
10%
Excruciating Deth (Phase γ)
10%
FALL 2014 PRE FLEX [2014 DEMO]
10%
False Witness
10%
Freewill (Phase β)
10%
fuqthatlil
10%
GENERIC WLFGRL ERA JUNGLE [2014 DEMO]
10%
Gossip Folks (SSJ2 Mix)
10%
Grime Crimes
10%
H2WL (For Real)
10%
Hand of God
10%
Krystle (3rd Impact Mix)
10%
Machine Girl Fights Her Way Out of His Own Head
10%
MACHINE LEGION [2014 DEMO]
10%
MG14
10%
MG(ARAGE)13
10%
Phantazee
10%
POSTGEM SHIT [2015 DEMO]
10%
RSHD
10%
Styst
10%
THERE'S ACID IN MY MEZCAL PT 1 [2018 - 2019 DEMO]
10%
T-Shirt Forest
10%
WEIGHTLESS»NOVA»BLOSSOM»____
10%
WLFGRL LUV <3
10%
Event Horizon
5%
覆面調査員 (GabberTrap Mix)
5%
Hidden Power (Phase δ)
5%
Instrumental v1
5%
Looking Back and Asking Myself
5%
U x ∞
5%
(✪㉨✪)
0%
No matching quizzes found
Score Distribution
Percent of People with Each Score
Percentile by Number Answered
Your Score History
You have not taken this quiz